| 000 | 00493nam a2200157 i 4500 | ||
|---|---|---|---|
| 001 | 82363 | ||
| 003 | ES-MaACL | ||
| 005 | 20230906174648.0 | ||
| 007 | t| | ||
| 008 | 041110s1968 sp ||||1| spa d | ||
| 100 | 0 |
_aIgnacio de Loyola _c, Santo. _965147 |
|
| 245 | 1 | 0 |
_aSelección de textos de las Constituciones de la Compañía de Jesús / _cSan Ignacio de Loyola. |
| 260 |
_aMadrid : _bApostolado de la Prensa, _c1968. |
||
| 300 |
_a127 p. ; _c19 cm. |
||
| 852 |
_aES-MaACL _jC-51793 _bR.66732 |
||
| 999 |
_c82363 _d82363 |
||